LEADER 01542nam 2200373 n 450 001 996383754403316 005 20221108085043.0 035 $a(CKB)1000000000588461 035 $a(EEBO)2264183179 035 $a(UnM)99869852 035 $a(EXLCZ)991000000000588461 100 $a19940810d1653 uy | 101 0 $aeng 135 $aurbn||||a|bb| 200 10$aCauses of the Lords vvrath against Scotland$b[electronic resource] $emanifested in his sad late dispensations. Whereunto is added a paper, particularly holding forth the sins of the ministery 210 $a[London? $cs.n.]$dPrinted in the year 1653 215 $a64, 75-97, [1] p 300 $aAttributed to Archibald Johnson, Lord Warriston. 300 $aPlace of publication suggested by Wing. 300 $a"A humble acknowledgment of the sins of the ministery of Scotland" has separate dated title page; pagination and register are continuous. 300 $aAnnotation on Thomason copy on E.691[11]: "Aprill"; on E.691[12]: "Aprill"; "Postscript which cannot be gotton printed .." on final page. 300 $aReproduction of the original in the British Library. 330 $aeebo-0018 606 $aGod$xWrath$vEarly works to 1800 615 0$aGod$xWrath 700 $aWarriston$b Archibald Johnston$cLord,$f1611-1663.$01001116 801 0$bCu-RivES 801 1$bCu-RivES 801 2$bCStRLIN 801 2$bWaOLN 906 $aBOOK 912 $a996383754403316 996 $aCauses of the Lords vvrath against Scotland$92297835 997 $aUNISA